00330nam a2200121Ia 4500008004100000041000800041082001400049100002600063245004500089260002800134300003300162365001300195240624s9999 xx 000 0 und d aeng a658.4 KON aKONASANI VENKAT REDDY aPRACTICAL BUSINESS ANALYTICS USING SAS A c2015aNew DelhibApress axxvii, : 548 : p. : cm. ; 23 cRSb27.5